000 00439nam a22001697a 4500
005 20160527114610.0
008 160527b xxu||||| |||| 00| 0 eng d
020 _a978-0415-39845-9
041 _aeng
082 _b5485
100 _aBranch Alan E
_91373
245 _aGlobal Supply Chain Mgt. and International logistics
260 _aNew Delhi
_bAcademic Faundation
_c2009
300 _a157
650 _aManagement
_9241
942 _cBK
999 _c1949
_d1948